Actors That Have Worked with Will Smith - Statistics

General Stats
  • This quiz has been taken 66 times
    49 since last reset
  • The average score is 14 of 54
Answer Stats
Movies/ Shows Actor % Correct
MIB Trilogy Tommy Lee Jones
91%
After Earth, The Pursuit of Happyness Jaden Smith
85%
Focus, Suicide Squad Margot Robbie
76%
I am Legend Willow Smith
76%
Ali Jada Pinkett Smith
73%
Bad Boys Trilogy Martin Lawrence
70%
Independence Day Jeff Goldblum
64%
MIB 3 Josh Brolin
55%
Enemy of the State Gene Hackman
48%
The Legend of Bagger Vance Matt Damon
45%
Hancock, The Legend of Bagger Vance Charlize Theron
42%
Hitch Eva Mendes
42%
Hitch Kevin James
39%
Wild Wild West Salma Hayek
36%
Ali Jamie Foxx
33%
Suicide Squad Jared Leto
33%
Shark Tale Robert De Niro
33%
Independence Day Vivica A. Fox
33%
Suicide Squad Viola Davis
30%
Shark Tale Angelina Jolie
27%
Jersey Girl Ben Affleck
27%
MIB 3 Emma Thompson
27%
Six Degrees of Separation Donald Sutherland
24%
MIB 2, Seven Pounds Rosario Dawson
24%
Made in America Whoopi Goldberg
24%
Bright Joel Edgerton
21%
Seven Pounds Woody Harrelson
18%
Collateral Beauty Edward Norton
15%
Shark Tale Jack Black
15%
The Fresh Prince of Bel-Air James Avery
15%
Collateral Beauty Kate Winslet
15%
MIB 1 Vincent D'Onofrio
15%
Collateral Beauty Helen Mirren
12%
Shark Tale Martin Scorsese
12%
Focus B. D. Wong
9%
The Fresh Prince of Bel-Air DJ Jazzy Jeff
9%
Collateral Beauty Keira Knightley
9%
Winter's Tale Russel Crowe
9%
Concussion Alec Baldwin
6%
I am Legend Alice Braga
6%
Gemini Man Benedict Wong
6%
Gemini Man Clive Owen
6%
Six Degrees of Separation Ian McKellen
6%
Aladdin, I, Robot Alan Tudyk
3%
Concussion Luke Wilson
3%
Collateral Beauty Michael Pena
3%
MIB 3 Bill Hader
0%
MIB 1 and 2 David Cross
0%
Enemy of the State Gabriel Bryne
0%
Ali Jeffrey Wright
0%
King Richard Jon Bernthal
0%
Gemini Man Mary Elizabeth Winstead
0%
MIB 3 Mike Colter
0%
Where the Day Takes You Sean Astin
0%
No matching quizzes found
Score Distribution
Percent of People with Each Score
Percentile by Number Answered
Your Score History
You have not taken this quiz since the last reset